| 000 | 00718nam a2200241Ia 4500 | ||
|---|---|---|---|
| 003 | OSt | ||
| 005 | 20221002051037.0 | ||
| 006 | a|||||r|||| 00| 0 | ||
| 007 | ta | ||
| 008 | 220930b |||||||| |||| 00| 0 eng d | ||
| 024 | _a22110 | ||
| 037 | _cReference Collections | ||
| 040 |
_aCRL _cCRL _beng |
||
| 041 |
_2eng _aeng |
||
| 082 | _aT15.2'N85t, M6(RR) | ||
| 111 |
_aIndia, National Commission _9572073 |
||
| 245 | 0 |
_aTeacher and society _b Report of the National Commission on teachers-I |
|
| 260 |
_aDelhi _bController of Publications India _c1986 |
||
| 300 |
_a209p. _ccm. |
||
| 650 | _aEDUCATION | ||
| 942 |
_hT15.2'N85t, M6(RR) _cref _2CC |
||
| 999 |
_c915885 _d915885 |
||